[Event "Rated Rapid game"]
[Site "?"]
[Date "2021.07.03"]
[Round "?"]
[White "Karblasch"]
[Black "artemis_1354"]
[Result "0-1"]
[WhiteElo "2555"]
[BlackElo "2636"]
[PlyCount "46"]
[EventDate "2021.??.??"]
[EventType "rapid"]

1. e4 e5 2. Nf3 d5 3. exd5 e4 4. Qe2 Nf6 5. Nc3 Be7 6. Nxe4 O-O 7. d3 Re8 8.
Be3 Nxd5 9. O-O-O f5 10. Ned2 f4 11. Bd4 Nc6 12. Ne4 Bg4 13. Bc3 Nxc3 14. Nxc3
Nd4 15. Qe4 Bf6 16. Qd5+ Qxd5 17. Nxd5 Nxf3 18. h3 Bh5 19. gxf3 Bxf3 20. Bg2
Bxg2 21. Nxf6+ gxf6 22. Rdg1 f3 23. h4 Kf7 {Normal} 0-1

[Event "Rated Blitz tournament jul21bta"]
[Site "?"]
[Date "2021.07.03"]
[Round "?"]
[White "JMlaamenaza"]
[Black "KrAKeN_1"]
[Result "0-1"]
[WhiteElo "2611"]
[BlackElo "2543"]
[PlyCount "46"]
[EventDate "2021.??.??"]
[EventType "blitz"]

1. e4 e5 2. Nf3 d5 3. exd5 e4 4. Qe2 Nf6 5. Nc3 Be7 6. Nxe4 Nxd5 7. c4 Nb4 8.
d4 O-O 9. a3 Re8 10. axb4 Bxb4+ 11. Bd2 Bxd2+ 12. Kxd2 f5 13. Nf6+ gxf6 14. Qd3
Nc6 15. d5 Nb4 16. Qc3 c5 17. Be2 Qd6 18. g3 Bd7 19. Rhe1 Re4 20. Bf1 Rae8 21.
Bg2 b5 22. cxb5 Qxd5+ 23. Kc1 Rc4 {Normal} 0-1

[Event "Rated Blitz game"]
[Site "?"]
[Date "2021.07.03"]
[Round "?"]
[White "Jano83"]
[Black "ahoramahora"]
[Result "1-0"]
[WhiteElo "2407"]
[BlackElo "2352"]
[PlyCount "77"]
[EventDate "2021.??.??"]
[EventType "blitz"]

1. e4 e5 2. Nf3 d5 3. Nxe5 Bd6 4. d4 dxe4 5. Nc4 Nf6 6. Be2 O-O 7. Nxd6 Qxd6 8.
O-O h6 9. c4 Bf5 10. Nc3 a6 11. Be3 Nc6 12. d5 Ne5 13. Qd4 Rfe8 14. h3 Rad8 15.
Rfd1 Bh7 16. Rac1 Nd3 17. Bxd3 exd3 18. Bf4 Qb6 19. c5 Qxb2 20. Rb1 Qa3 21. Rb3
Qa5 22. Rxb7 Ne4 23. Nxe4 Rxe4 24. Bxc7 Re1+ 25. Kh2 Qxc7+ 26. Rxc7 Rxd1 27. d6
d2 28. d7 Re1 29. Rc8 Bg6 30. Rxd8+ Kh7 31. Qxd2 Re8 32. dxe8=Q Bf5 33. Qh8+
Kg6 34. Rd6+ f6 35. Qf4 h5 36. Qg3+ Kf7 37. Qhxg7+ Ke8 38. Qe3+ Be4 39. Qxe4# {
Normal} 1-0

[Event "Rated Blitz game"]
[Site "?"]
[Date "2021.07.03"]
[Round "?"]
[White "Timur_93"]
[Black "ahoramahora"]
[Result "0-1"]
[WhiteElo "2401"]
[BlackElo "2350"]
[PlyCount "80"]
[EventDate "2021.??.??"]
[EventType "blitz"]

1. e4 e5 2. Nf3 d5 3. Nc3 d4 4. Ne2 Bd6 5. d3 Nf6 6. g3 O-O 7. Bg2 h6 8. O-O
Nc6 9. h3 Be6 10. g4 Qd7 11. Ng3 Nh7 12. Nh4 Ng5 13. Ngf5 f6 14. Ng6 Rf7 15. h4
Nh7 16. Qe2 Nf8 17. h5 Nxg6 18. hxg6 Rff8 19. Bf3 Ne7 20. Nxe7+ Qxe7 21. Kg2
Qe8 22. Rh1 Qxg6 23. Bd2 f5 24. exf5 Bxf5 25. Rh5 Bd7 26. Rah1 Rxf3 27. Qxf3
Bc6 28. Qxc6 bxc6 29. f3 Rf8 30. g5 Qf5 31. R1h3 e4 32. dxe4 Qb5 33. Kf2 Qxb2
34. gxh6 Qxc2 35. Ke1 Qb1+ 36. Kf2 Qd3 37. Ke1 Rxf3 38. Rxf3 Qxf3 39. Rg5 Bg3+
40. Rxg3 Qxg3+ {Normal} 0-1

[Event "Rated Blitz game"]
[Site "?"]
[Date "2021.07.03"]
[Round "?"]
[White "DennisNavales39"]
[Black "blastol"]
[Result "1-0"]
[WhiteElo "2429"]
[BlackElo "2433"]
[PlyCount "61"]
[EventDate "2021.??.??"]
[EventType "blitz"]

1. e4 e5 2. Nf3 d5 3. exd5 Bd6 4. Nc3 Nf6 5. d4 e4 6. Ne5 O-O 7. Be2 Re8 8. O-O
Nbd7 9. Nxd7 Bxd7 10. Bg5 h6 11. Bh4 a6 12. Bg3 Bxg3 13. hxg3 e3 14. fxe3 Rxe3
15. Rf3 Re7 16. Qd2 Bg4 17. Re3 Rxe3 18. Qxe3 Bxe2 19. Qxe2 Nxd5 20. Nxd5 Qxd5
21. c3 Qg5 22. Kh2 Rd8 23. Re1 Kh7 24. Qe4+ f5 25. Qxb7 Qh5+ 26. Kg1 Rd6 27.
Qxc7 Rg6 28. Qf4 Rg4 29. Qf3 Qg5 30. Re5 g6 31. Qb7+ {Normal} 1-0

[Event "Rated Blitz game"]
[Site "?"]
[Date "2021.07.03"]
[Round "?"]
[White "Dmitry_Sharapan"]
[Black "ahoramahora"]
[Result "1/2-1/2"]
[WhiteElo "2420"]
[BlackElo "2353"]
[PlyCount "94"]
[EventDate "2021.??.??"]
[EventType "blitz"]

1. e4 e5 2. Nf3 d5 3. exd5 e4 4. Qe2 Nf6 5. d3 Qxd5 6. Nc3 Bb4 7. Bd2 Bxc3 8.
Bxc3 O-O 9. dxe4 Nxe4 10. Bd4 Nc6 11. Rd1 Rd8 12. g3 Bg4 13. Bg2 Nxd4 14. Rxd4
Qxd4 15. Nxd4 Bxe2 16. Nxe2 f5 17. f3 Nd2 18. c3 Rd6 19. Nd4 Re8+ 20. Kxd2 c5
21. f4 cxd4 22. c4 b6 23. Bd5+ Kf8 24. Kd3 Re3+ 25. Kxd4 Re2 26. Kc3 b5 27. a3
bxc4 28. Bxc4 Re3+ 29. Kc2 Rf3 30. Re1 Rf2+ 31. Kc3 Rxh2 32. Re5 g6 33. Ra5 Rd7
34. b4 Rg2 35. Be6 Rxg3+ 36. Kc4 Rc7+ 37. Kb5 Rcc3 38. Rxa7 Rxa3 39. Rf7+ Ke8
40. Rxh7 Rgf3 41. Bf7+ Kf8 42. Bxg6 Rxf4 43. Rf7+ Kg8 44. Rxf5 Rxf5+ 45. Bxf5
Kf8 46. Be6 Ra1 47. Bd5 Rb1 {Normal} 1/2-1/2

[Event "Rated Blitz game"]
[Site "?"]
[Date "2021.07.03"]
[Round "?"]
[White "JusticeChamp_01"]
[Black "annaly1979"]
[Result "1-0"]
[WhiteElo "2449"]
[BlackElo "2436"]
[PlyCount "65"]
[EventDate "2021.??.??"]
[EventType "blitz"]

1. e4 e5 2. Nf3 d5 3. Nc3 dxe4 4. Nxe4 f5 5. Nc3 e4 6. Ne5 Nf6 7. d4 Be6 8. f4
exf3 9. Be3 Bb4 10. Qxf3 Bxc3+ 11. bxc3 Nc6 12. Nxc6 bxc6 13. Qxc6+ Kf7 14. c4
Re8 15. O-O-O Kg8 16. d5 Bxd5 17. cxd5 Rxe3 18. Bc4 Kh8 19. Rhe1 Rxe1 20. Rxe1
Ne4 21. Bb3 a5 22. a4 Rb8 23. g4 Rb6 24. Qc4 Rb4 25. Qa6 fxg4 26. Qxa5 Qg5+ 27.
Kb2 Qe5+ 28. Ka3 Rb8 29. Qc5 Qf4 30. Qe7 Nf6 31. a5 Ra8 32. Qb4 h5 33. Qxf4 {
Normal} 1-0

[Event "Rated Blitz tournament gTD2QFzP"]
[Site "?"]
[Date "2021.07.03"]
[Round "?"]
[White "onyongBKD"]
[Black "Gendut_BKD"]
[Result "0-1"]
[WhiteElo "2322"]
[BlackElo "2439"]
[PlyCount "124"]
[EventDate "2021.??.??"]
[EventType "blitz"]

1. e4 e5 2. Nf3 d5 3. d3 dxe4 4. dxe4 Qxd1+ 5. Kxd1 Bg4 6. Be2 Nc6 7. Be3
O-O-O+ 8. Kc1 Nf6 9. Nc3 Bb4 10. Bd3 Bh5 11. a3 Bxc3 12. bxc3 Bg6 13. Bd2 Bxe4
14. Bxe4 Nxe4 15. Re1 Nxd2 16. Nxd2 Rhe8 17. f3 f6 18. Kb2 Ne7 19. Ne4 Nd5 20.
Rad1 Nb6 21. Kb3 Rxd1 22. Rxd1 Rd8 23. Re1 Nd5 24. c4 Nf4 25. g3 Ne6 26. c3 Rd3
27. f4 exf4 28. Nf2 Rd2 29. Rxe6 Rxf2 30. gxf4 Rxh2 31. Re7 Rg2 32. c5 h5 33.
Kc4 h4 34. Kd5 h3 35. c6 bxc6+ 36. Kxc6 Kd8 37. Rd7+ Ke8 38. Rxc7 h2 39. Rc8+
Kf7 40. Rh8 Rc2 41. Kb7 Rxc3 42. a4 Rc4 43. a5 Rxf4 44. Rxh2 Rb4+ 45. Kxa7 g5
46. a6 g4 47. Ka8 f5 48. a7 Ra4 49. Rh6 g3 50. Rh3 f4 51. Kb7 g2 52. Rh7+ Kg6
53. Rh8 f3 54. Rg8+ Kf5 55. a8=Q Rxa8 56. Kxa8 Kf4 57. Kb7 Ke3 58. Kc6 Kf2 59.
Kd5 g1=Q 60. Rf8 Qd1+ 61. Ke4 Qe2+ 62. Kd4 Ke1 {Normal} 0-1

[Event "Rated Blitz game"]
[Site "?"]
[Date "2021.07.03"]
[Round "?"]
[White "riserman"]
[Black "ahoramahora"]
[Result "1-0"]
[WhiteElo "2419"]
[BlackElo "2345"]
[PlyCount "102"]
[EventDate "2021.??.??"]
[EventType "blitz"]

1. e4 e5 2. Nf3 d5 3. exd5 e4 4. Qe2 Nf6 5. d3 Qxd5 6. Nc3 Bb4 7. Bd2 Bxc3 8.
Bxc3 O-O 9. dxe4 Nxe4 10. Bb4 Re8 11. Rd1 Qc6 12. Nd4 Qb6 13. Qb5 Nd6+ 14.
Qxe8+ Nxe8 15. Bc3 Bg4 16. f3 Be6 17. Nxe6 Qxe6+ 18. Kf2 Nc6 19. a3 Nd6 20. Bd3
Ne5 21. Be2 Re8 22. Rhe1 a6 23. Kf1 Qc8 24. h3 Qf5 25. Kg1 h5 26. Bf1 Ng6 27.
Rxe8+ Nxe8 28. Rd8 Kf8 29. Bd3 Qc5+ 30. Kf1 Qe7 31. Rc8 b6 32. Bxa6 f6 33. Bb5
Nf4 34. Rxe8+ Qxe8 35. Bxe8 Kxe8 36. Kf2 Kd7 37. Bd2 Nd5 38. c4 Ne7 39. Ke3 Ke6
40. g4 hxg4 41. hxg4 g6 42. Kd3 f5 43. b4 f4 44. Ke4 g5 45. Bc3 Ng6 46. a4 Ne7
47. a5 bxa5 48. bxa5 Nc6 49. a6 Na7 50. Bd4 Nc6 51. Bc5 Kd7 {Normal} 1-0

[Event "Rated Blitz tournament gTD2QFzP"]
[Site "?"]
[Date "2021.07.03"]
[Round "?"]
[White "Ignabongga"]
[Black "Gendut_BKD"]
[Result "1/2-1/2"]
[WhiteElo "2312"]
[BlackElo "2442"]
[PlyCount "27"]
[EventDate "2021.??.??"]
[EventType "blitz"]

1. e4 e5 2. Nf3 d5 3. exd5 e4 4. Qe2 Be7 5. Nd4 Qxd5 6. Nb3 Nf6 7. Nc3 Qe6 8.
h3 O-O 9. d3 exd3 10. Qxe6 Bxe6 11. Bxd3 Nc6 12. O-O Nb4 13. Bg5 Nxd3 14. cxd3
{Normal} 1/2-1/2

[Event "Rated Blitz game"]
[Site "?"]
[Date "2021.07.03"]
[Round "?"]
[White "Viageiro"]
[Black "ahoramahora"]
[Result "1-0"]
[WhiteElo "2447"]
[BlackElo "2353"]
[PlyCount "111"]
[EventDate "2021.??.??"]
[EventType "blitz"]

1. e4 e5 2. Nf3 d5 3. Nxe5 Bd6 4. d4 dxe4 5. Nc4 Nf6 6. Nc3 O-O 7. Bg5 Re8 8.
Be2 Nc6 9. Nd5 Be7 10. Nxe7+ Qxe7 11. c3 Bf5 12. Ne3 Bg6 13. Nd5 Qd6 14. Nxf6+
gxf6 15. Be3 f5 16. g3 Ne7 17. h4 Nd5 18. Qd2 f6 19. Bc4 Kh8 20. h5 Bf7 21.
Bxd5 Bxd5 22. Rh4 Bc4 23. Rf4 Qe6 24. b3 Bd3 25. O-O-O a5 26. d5 Qe5 27. Bd4
Qd6 28. Rxf5 a4 29. Rxf6 Qa3+ 30. Qb2 Qxb2+ 31. Kxb2 Kg8 32. h6 axb3 33. axb3
Ra5 34. c4 Rea8 35. Kc3 Ra2 36. Rd2 Ra1 37. f3 Rc1+ 38. Kb4 b6 39. fxe4 Bxe4
40. Rdf2 Rd1 41. Bb2 Rb1 42. Rf7 Rxb2 43. Rg7+ Kh8 44. Rxb2 Rf8 45. Re2 Bg6 46.
Ree7 c5+ 47. dxc6 b5 48. cxb5 Bf5 49. Ref7 Re8 50. Rxf5 Re4+ 51. Ka5 Re8 52.
Rff7 Ra8+ 53. Kb4 Re8 54. Rxh7+ Kg8 55. Rfg7+ Kf8 56. Rh8# {Normal} 1-0

[Event "Rated Blitz tournament jul21bta"]
[Site "?"]
[Date "2021.07.03"]
[Round "?"]
[White "DonMateo85"]
[Black "KrAKeN_1"]
[Result "1-0"]
[WhiteElo "2650"]
[BlackElo "2508"]
[PlyCount "113"]
[EventDate "2021.??.??"]
[EventType "blitz"]

1. e4 e5 2. Nf3 d5 3. Nxe5 Bd6 4. d4 dxe4 5. Nc3 Bxe5 6. dxe5 Qxd1+ 7. Nxd1 Nc6
8. Bf4 Nge7 9. Ne3 Ng6 10. Bg3 Ncxe5 11. Nd5 Kd8 12. O-O-O Bd7 13. Be2 c6 14.
Nc3 f5 15. Bh5 f4 16. Nxe4 fxg3 17. hxg3 Kc7 18. f4 Nc4 19. Ng5 Ne3 20. Rd3
Rae8 21. Re1 Nf5 22. Red1 Bc8 23. Nxh7 Nfe7 24. Bxg6 Nxg6 25. Ng5 Rh2 26. R3d2
Re3 27. Nf3 Rh8 28. Rg1 Bg4 29. Nd4 Rd8 30. c3 a6 31. Nc2 Rxd2 32. Nxe3 Rd3 33.
Nxg4 Rxg3 34. Ne5 Nxf4 35. Rf1 Nxg2 36. Rf7+ Kd6 37. Nc4+ Kc5 38. Na5 Ne3 39.
Nxb7+ Kb6 40. Nd6 Rg2 41. Re7 Nd5 42. Nc4+ Kc5 43. Nd2 Rg1+ 44. Kc2 Nxe7 45.
Ne4+ Kd5 46. Nd2 Ke5 47. c4 Rg2 48. Kd3 Rxd2+ 49. Kxd2 g5 50. Kc3 c5 51. b4 Kd6
52. b5 axb5 53. cxb5 Kc7 54. a4 Kb7 55. Kc4 Nd5 56. a5 Nb6+ 57. Kxc5 {Time
forfeit} 1-0

[Event "Rated Blitz game"]
[Site "?"]
[Date "2021.07.03"]
[Round "?"]
[White "D3str1"]
[Black "EdmarVillafuerte"]
[Result "1-0"]
[WhiteElo "2419"]
[BlackElo "2247"]
[PlyCount "25"]
[EventDate "2021.??.??"]
[EventType "blitz"]

1. e4 e5 2. Nf3 d5 3. Nxe5 Bd6 4. d4 dxe4 5. Nc3 Nf6 6. Bg5 O-O 7. Be2 Re8 8.
O-O Bxe5 9. dxe5 Qxd1 10. Raxd1 Nfd7 11. Nd5 Rxe5 12. Bf4 Rf5 13. Ne7+ {Normal}
1-0

[Event "Rated Blitz game"]
[Site "?"]
[Date "2021.07.03"]
[Round "?"]
[White "KKBanov"]
[Black "Pashkomarku"]
[Result "1-0"]
[WhiteElo "2401"]
[BlackElo "2228"]
[PlyCount "71"]
[EventDate "2021.??.??"]
[EventType "blitz"]

1. e4 e5 2. Nf3 d5 3. d4 dxe4 4. Nxe5 Bd6 5. Nc4 Nf6 6. Bg5 Bf5 7. Nc3 Nc6 8.
d5 Ne5 9. Qd4 Nxc4 10. Bxc4 a6 11. O-O-O b5 12. Bb3 b4 13. Nxe4 Bxe4 14. Bxf6
Qxf6 15. Qxe4+ Qe7 16. Ba4+ Kf8 17. Qc4 Qg5+ 18. Kb1 Qxg2 19. Qc6 Rd8 20. Rde1
g6 21. h4 h5 22. Rhg1 Qf3 23. Re3 Qf6 24. Rge1 Kg7 25. Qc4 Qxf2 26. R3e2 Qf6
27. Qd3 Rhf8 28. Rg2 Qf3 29. Qxf3 f5 30. Qxh5 Rf6 31. Reg1 Rg8 32. Rxg6+ Rxg6
33. Qxg6+ Kf8 34. Qxg8+ Ke7 35. Qe6+ Kf8 36. Rg8# {Normal} 1-0

[Event "Rated Blitz tournament jul21bta"]
[Site "?"]
[Date "2021.07.03"]
[Round "?"]
[White "toog"]
[Black "KrAKeN_1"]
[Result "0-1"]
[WhiteElo "2542"]
[BlackElo "2500"]
[PlyCount "74"]
[EventDate "2021.??.??"]
[EventType "blitz"]

1. e4 e5 2. Nf3 d5 3. exd5 e4 4. Qe2 Nf6 5. d3 Qxd5 6. Nc3 Bb4 7. Bd2 Bxc3 8.
Bxc3 O-O 9. dxe4 Nxe4 10. Rd1 Qc6 11. Ne5 Nxc3 12. Nxc6 Nxe2 13. Ne7+ Kh8 14.
Bxe2 Be6 15. Bf3 c6 16. O-O Nd7 17. Rfe1 Nf6 18. g4 Nxg4 19. Rxe6 fxe6 20. Bxg4
Rad8 21. Re1 Rd2 22. Rxe6 Rdxf2 23. Nf5 Rxc2 24. Re7 Rxb2 25. Nxg7 Rg8 26. h3
Rxg7 27. Re8+ Rg8 28. Re7 Rxa2 29. Kh1 Rxg4 30. hxg4 Rb2 31. g5 a6 32. Rc7 a5
33. Kg1 a4 34. Kf1 a3 35. Rc8+ Kg7 36. Ra8 a2 37. Ra3 Rb1+ {Normal} 0-1

[Event "Rated Blitz tournament jul21bta"]
[Site "?"]
[Date "2021.07.03"]
[Round "?"]
[White "TheBigGreek"]
[Black "KrAKeN_1"]
[Result "0-1"]
[WhiteElo "2688"]
[BlackElo "2546"]
[PlyCount "36"]
[EventDate "2021.??.??"]
[EventType "blitz"]

1. e4 e5 2. Nf3 d5 3. exd5 e4 4. Qe2 Nf6 5. d3 Qxd5 6. Nfd2 Nc6 7. Nxe4 Be6 8.
Nbc3 Bb4 9. Bd2 Qa5 10. Nxf6+ gxf6 11. O-O-O O-O-O 12. Qf3 Rhe8 13. g3 Bxa2 14.
Bh3+ Be6 15. Bxe6+ Rxe6 16. Kb1 Nd4 17. Qg4 f5 18. Qg7 Ra6 {Normal} 0-1

[Event "Rated Blitz tournament jul21bta"]
[Site "?"]
[Date "2021.07.03"]
[Round "?"]
[White "jarming"]
[Black "KrAKeN_1"]
[Result "1-0"]
[WhiteElo "2629"]
[BlackElo "2522"]
[PlyCount "61"]
[EventDate "2021.??.??"]
[EventType "blitz"]

1. e4 e5 2. Nf3 d5 3. d4 dxe4 4. Nxe5 Bd6 5. Nc4 Nc6 6. Nc3 Bb4 7. Be3 Nf6 8.
a3 Bxc3+ 9. bxc3 Nd5 10. Bd2 O-O 11. Be2 f5 12. Ne3 f4 13. Nxd5 Qxd5 14. O-O f3
15. gxf3 exf3 16. Bd3 Bh3 17. Re1 Rf5 18. Qc1 Qf7 19. Bg5 Rf8 20. Bh4 Qg6+ 21.
Bg3 h5 22. Re4 Bg4 23. h4 Bh3 24. Qe3 Bg2 25. Re1 Qf6 26. Re8 Ra5 27. Rxf8+
Qxf8 28. d5 Nd8 29. Qe4 Qf6 30. Qh7+ Kf7 31. Qh8 {Normal} 1-0

[Event "Rated Blitz tournament UcbgiKKH"]
[Site "?"]
[Date "2021.07.03"]
[Round "?"]
[White "ronaldgllavanes"]
[Black "Jorny_Too_Pass"]
[Result "0-1"]
[WhiteElo "2413"]
[BlackElo "2234"]
[PlyCount "67"]
[EventDate "2021.??.??"]
[EventType "blitz"]

1. e4 e5 2. Nf3 d5 3. Nxe5 Bd6 4. d4 dxe4 5. Nc3 Bxe5 6. dxe5 Qxd1+ 7. Nxd1 Nc6
8. Bb5 Nge7 9. Nc3 Bf5 10. Bf4 O-O-O 11. Bg3 Nd4 12. Ba4 a6 13. Bb3 Bg6 14. O-O
Nec6 15. Rfe1 Nxb3 16. axb3 Nd4 17. Rac1 e3 18. fxe3 Nxc2 19. Re2 Nb4 20. e4
Rhe8 21. h3 Nd3 22. Rcc2 Nxe5 23. Nd5 c6 24. Nf4 Nd3 25. Nxg6 hxg6 26. Rc4 a5
27. e5 Nb4 28. Rf4 Rd7 29. Ref2 Nd3 30. Rxf7 Nxf2 31. Rxf2 Rd3 32. Kh2 Re7 33.
Rf8+ Kd7 34. Rb8 {Normal} 0-1

[Event "Rated Blitz tournament gbD0SWr6"]
[Site "?"]
[Date "2021.07.03"]
[Round "?"]
[White "theenc"]
[Black "batasjon"]
[Result "0-1"]
[WhiteElo "2222"]
[BlackElo "2405"]
[PlyCount "72"]
[EventDate "2021.??.??"]
[EventType "blitz"]

1. e4 e5 2. Nf3 d5 3. d3 dxe4 4. dxe4 Qxd1+ 5. Kxd1 Nf6 6. Bd3 Nc6 7. Be3 Ng4
8. Ke2 Nxe3 9. Kxe3 f6 10. Nc3 Nb4 11. a3 Bc5+ 12. Ke2 Nxd3 13. cxd3 Bg4 14. h3
Bh5 15. g4 Bf7 16. Na4 Be7 17. b4 O-O-O 18. Rac1 b6 19. Rc3 Kb7 20. Rhc1 Rd7
21. Nb2 Rc8 22. Nc4 c6 23. Nfxe5 fxe5 24. Nxe5 Be6 25. Nxc6 Bf6 26. Na5+ bxa5
27. Rxc8 axb4 28. axb4 Bb2 29. R1c2 Ba3 30. R8c6 Bb3 31. R2c3 Ba4 32. R6c4 Bb2
33. Rc2 Bxc2 34. Rxc2 Bd4 35. f4 Bb6 36. Kf3 Rxd3+ {Normal} 0-1

[Event "Rated Blitz game"]
[Site "?"]
[Date "2021.07.03"]
[Round "?"]
[White "ST_tegal"]
[Black "ahoramahora"]
[Result "1-0"]
[WhiteElo "2410"]
[BlackElo "2354"]
[PlyCount "45"]
[EventDate "2021.??.??"]
[EventType "blitz"]

1. e4 e5 2. Nf3 d5 3. exd5 e4 4. Ne5 Qxd5 5. d4 exd3 6. Nxd3 Bf5 7. Nc3 Qd7 8.
Bf4 Nc6 9. Be2 O-O-O 10. O-O a6 11. a3 Bd6 12. Bg5 f6 13. Bh4 g5 14. Bg3 h5 15.
b4 h4 16. Bxd6 Qxd6 17. b5 Nd4 18. bxa6 bxa6 19. Nb4 h3 20. Bxa6+ Kb8 21. Rb1
hxg2 22. Nc6+ Ka8 23. Bb7# {Normal} 1-0

[Event "Rated Blitz game"]
[Site "?"]
[Date "2021.07.03"]
[Round "?"]
[White "scorpionking1"]
[Black "Bantayog"]
[Result "1-0"]
[WhiteElo "2447"]
[BlackElo "2337"]
[PlyCount "89"]
[EventDate "2021.??.??"]
[EventType "blitz"]

1. e4 e5 2. Nf3 d5 3. d4 dxe4 4. Nxe5 Bd6 5. Nc4 Nf6 6. Nc3 O-O 7. Bg5 Re8 8.
Qd2 a6 9. O-O-O b5 10. Nxd6 cxd6 11. Nd5 Nbd7 12. Kb1 Bb7 13. Nxf6+ Nxf6 14. f3
h6 15. Bxf6 Qxf6 16. fxe4 Bxe4 17. Be2 d5 18. Rhf1 Qg6 19. Bf3 Rac8 20. Bxe4
dxe4 21. Rfe1 e3 22. Qd3 Qxg2 23. Re2 Qf3 24. Rde1 f5 25. Rxe3 Rxe3 26. Qxe3
Qxe3 27. Rxe3 Kf7 28. c3 Kf6 29. Kc2 g5 30. Kd3 f4 31. Re4 Rc6 32. d5 Rd6 33.
Kd4 h5 34. Re8 Kf5 35. h3 g4 36. hxg4+ hxg4 37. Rf8+ Kg5 38. Ke5 Rd7 39. Rf5+
Kh4 40. Rxf4 Kh3 41. Ke6 Rg7 42. d6 g3 43. d7 g2 44. d8=Q g1=Q 45. Qh8+ {Normal
} 1-0

[Event "Rated Blitz game"]
[Site "?"]
[Date "2021.07.03"]
[Round "?"]
[White "LudovicM59"]
[Black "oALJoNDzKiE"]
[Result "0-1"]
[WhiteElo "2483"]
[BlackElo "2306"]
[PlyCount "32"]
[EventDate "2021.??.??"]
[EventType "blitz"]

1. e4 e5 2. Nf3 d5 3. exd5 e4 4. Qe2 Nf6 5. d3 Qxd5 6. Nc3 Bb4 7. Bd2 Bxc3 8.
Bxc3 O-O 9. dxe4 Nxe4 10. Rd1 Qf5 11. Nd4 Qg6 12. Rd3 c5 13. Nb5 Nc6 14. f3
Nxc3 15. Nxc3 Bf5 16. Re3 Nd4 {Normal} 0-1

[Event "Rated Blitz game"]
[Site "?"]
[Date "2021.07.03"]
[Round "?"]
[White "ax1dkz"]
[Black "blastol"]
[Result "1-0"]
[WhiteElo "2303"]
[BlackElo "2430"]
[PlyCount "85"]
[EventDate "2021.??.??"]
[EventType "blitz"]

1. e4 e5 2. Nf3 d5 3. Nxe5 Bd6 4. Nxf7 Kxf7 5. Qh5+ Kf8 6. Qxd5 Nf6 7. Qc4 Nc6
8. d3 Qe7 9. Nc3 Be6 10. Qb5 Nd4 11. Qxb7 Rd8 12. Kd1 Bg4+ 13. f3 Nxf3 14. Be2
Nxh2 15. Qxa7 Bc5 16. Qa5 Bxe2+ 17. Kxe2 Nhg4 18. Bg5 Qe5 19. Bxf6 Nxf6 20.
Rhf1 Qh5+ 21. Rf3 Qg5 22. Raf1 Qxg2+ 23. Kd1 Bb6 24. Qb4+ Ke8 25. Qb5+ Rd7 26.
e5 Ng4 27. e6 Ne3+ 28. Rxe3 Qxf1+ 29. Re1 Qf3+ 30. Kc1 Be3+ 31. Kb1 c6 32. Qb8+
Rd8 33. Qc7 Ra8 34. Qd7+ Kf8 35. e7+ Kg8 36. e8=Q+ Rxe8 37. Qxe8+ Qf8 38. Qxf8+
Kxf8 39. Rxe3 h5 40. Ne4 h4 41. Ng5 Rh5 42. Nh3 g5 43. Re5 {Normal} 1-0

[Event "Rated Blitz game"]
[Site "?"]
[Date "2021.07.03"]
[Round "?"]
[White "Tinopov"]
[Black "ahoramahora"]
[Result "0-1"]
[WhiteElo "2424"]
[BlackElo "2378"]
[PlyCount "104"]
[EventDate "2021.??.??"]
[EventType "blitz"]

1. e4 e5 2. Nf3 d5 3. d3 dxe4 4. dxe4 Qxd1+ 5. Kxd1 Bg4 6. Be2 Nc6 7. Ne1
O-O-O+ 8. Bd2 Nf6 9. f3 Be6 10. Kc1 Nd4 11. Bd1 Bc5 12. Nd3 Bb6 13. Nxe5 Rhe8
14. Nd3 Bc4 15. Ne1 Rd7 16. b3 Ba6 17. Bc3 Red8 18. a4 Nxb3+ 19. cxb3 Rxd1+ 20.
Kb2 Bf2 21. Bxf6 gxf6 22. Nc3 R8d2+ 23. Nc2 Rxh1 24. Rxh1 Bd3 25. Rc1 Bd4 26.
b4 Rxg2 27. Kb3 Bxc3 28. Kxc3 Bxc2 29. Rxc2 Rxc2+ 30. Kxc2 Kd7 31. f4 Kd6 32.
Kd3 Ke6 33. Kd4 f5 34. e5 c6 35. b5 cxb5 36. axb5 f6 37. exf6 Kxf6 38. Kc5 Ke6
39. Kc4 Kd6 40. Kd4 a6 41. bxa6 bxa6 42. Kc4 h5 43. h3 h4 44. Kd4 a5 45. Kc4 a4
46. Kb4 Kd5 47. Kxa4 Ke4 48. Kb3 Kxf4 49. Kc4 Kg3 50. Kd4 f4 51. Kd3 f3 52. Kd2
f2 {Normal} 0-1

[Event "Rated Blitz tournament 1jsBwrjo"]
[Site "?"]
[Date "2021.07.03"]
[Round "?"]
[White "Tresna_BKD"]
[Black "YT_BKD"]
[Result "1/2-1/2"]
[WhiteElo "2301"]
[BlackElo "2487"]
[PlyCount "62"]
[EventDate "2021.??.??"]
[EventType "blitz"]

1. e4 e5 2. Nf3 d5 3. Nxe5 dxe4 4. d4 exd3 5. Bxd3 Be6 6. Nc3 Nc6 7. Nxc6 bxc6
8. O-O Nf6 9. Bg5 Nd5 10. Nxd5 Qxd5 11. f4 Bc5+ 12. Kh1 Bh3 13. Qd2 f6 14.
Rae1+ Kf7 15. b3 Rad8 16. Bc4 Qxc4 17. Qxd8 Qxf1+ 18. Rxf1 Rxd8 19. gxh3 fxg5
20. fxg5+ Kg6 21. h4 Rd7 22. Kg2 Bd6 23. Rf2 Re7 24. c4 h5 25. Rc2 c5 26. h3
Kf7 27. a3 Kg6 28. b4 cxb4 29. c5 bxa3 30. cxd6 cxd6 31. Ra2 Re6 {Normal}
1/2-1/2

[Event "Rated Blitz tournament gbD0SWr6"]
[Site "?"]
[Date "2021.07.03"]
[Round "?"]
[White "theenc"]
[Black "batasjon"]
[Result "0-1"]
[WhiteElo "2214"]
[BlackElo "2416"]
[PlyCount "100"]
[EventDate "2021.??.??"]
[EventType "blitz"]

1. e4 e5 2. Nf3 d5 3. d3 dxe4 4. dxe4 Qxd1+ 5. Kxd1 Nf6 6. Bd3 Bc5 7. Ke2 Nc6
8. Be3 Bxe3 9. fxe3 Nd7 10. Nc3 f6 11. Nd5 Kd8 12. Rhd1 Ne7 13. b3 c6 14. Nxe7
Kxe7 15. c4 a5 16. Bc2 Nc5 17. Nd2 Bg4+ 18. Nf3 Rad8 19. h3 Bxf3+ 20. gxf3 Rxd1
21. Rxd1 Rd8 22. Rg1 Kf8 23. Re1 Na6 24. a3 Nc7 25. f4 Re8 26. Rd1 Ke7 27. Kf3
Ne6 28. b4 b6 29. Rd2 Ra8 30. h4 axb4 31. axb4 Ra2 32. Kg4 Rb2 33. fxe5 fxe5
34. Kf5 Rxb4 35. Kxe5 Rxc4 36. Bb3 Rc5+ 37. Bd5 cxd5 38. exd5 Nc7 39. e4 b5 40.
Ra2 Ne8 41. Ra7+ Kf8 42. Ke6 Rc7 43. Rxc7 Nxc7+ 44. Kd7 Ne8 45. e5 b4 46. d6 b3
47. e6 b2 48. e7+ Kf7 49. Kd8 b1=Q 50. d7 Qb8# {Normal} 0-1

[Event "Rated Blitz tournament gTD2QFzP"]
[Site "?"]
[Date "2021.07.03"]
[Round "?"]
[White "Oky_Kupang"]
[Black "Gendut_BKD"]
[Result "0-1"]
[WhiteElo "2214"]
[BlackElo "2436"]
[PlyCount "62"]
[EventDate "2021.??.??"]
[EventType "blitz"]

1. e4 e5 2. Nf3 d5 3. exd5 e4 4. Qe2 Be7 5. Qxe4 Nf6 6. Qa4+ Nbd7 7. Bb5 O-O 8.
O-O Nc5 9. Qc4 a6 10. Ba4 b5 11. Bxb5 axb5 12. Qxb5 Ba6 13. Qc6 Bxf1 14. Kxf1
Nxd5 15. Nc3 Nb4 16. Qb5 Nxc2 17. Rb1 Qd3+ 18. Qxd3 Nxd3 19. b3 Ncb4 20. Bb2
Nxa2 21. Nxa2 Rxa2 22. Bc3 Bb4 23. Bxb4 Nxb4 24. g3 Rd8 25. d4 Nd3 26. Rd1
Rxf2+ 27. Kg1 Rxf3 28. Kg2 Re3 29. h4 Rxd4 30. b4 Ne1+ 31. Rxe1 Rxe1 {Normal}
0-1

[Event "Rated Blitz game"]
[Site "?"]
[Date "2021.07.03"]
[Round "?"]
[White "ProfIsraelSmith"]
[Black "Dzon_Vejn"]
[Result "0-1"]
[WhiteElo "2426"]
[BlackElo "2436"]
[PlyCount "70"]
[EventDate "2021.??.??"]
[EventType "blitz"]

1. e4 e5 2. Nf3 d5 3. exd5 e4 4. Qe2 Nf6 5. Nc3 Be7 6. Nxe4 O-O 7. d3 Nxd5 8.
Bd2 Re8 9. O-O-O f5 10. Ne5 fxe4 11. dxe4 Nb6 12. Be3 Bd6 13. Nc4 Nxc4 14.
Qxc4+ Be6 15. Qb5 Nd7 16. Bc4 Qe7 17. f3 Bxc4 18. Qxc4+ Qe6 19. Qb5 Ne5 20. b3
b6 21. Rd2 a6 22. Qe2 Bb4 23. Rd5 c6 24. Rd4 Bc3 25. Rdd1 b5 26. f4 Nd7 27. e5
a5 28. Rd6 Qe7 29. Rhd1 Nf8 30. Bc5 Qb7 31. e6 a4 32. b4 a3 33. Rd7 Nxd7 34.
Qd3 Nxc5 35. Qxc3 Nxe6 {Normal} 0-1